LEADER 01737nam a2200277 u 4500 001 000000022647 003 CaOOAMICUS 005 20070226111141.0 008 950509s1844 gw u000 u lat u 035 $a10568514 040 $aPUL(R)$bita 130 0 $aCodex Theodosianus.$pNovellae constitutiones.$0(OLS)http://pul/title/9940 245 10$aCodices Gregorianus, Hermogenianus, Theodosianus.$pNovellae constitutiones imperatorum Theodosii II., Valentiniani III., Maximi, Maiorani, Severi, Anthemii. XVIII constitutiones quas Iacobus Sirmondus divulgavit /$cInstruxit Gustavus Haenel. 260 $aBonnae :$bapud Adolphum Marcum,$c1844. 300 $axxxviii, 480, 28 p. ;$c29 cm 500 $aNumbered columns 365-404 on double leaves. 500 $aAdded t.-p.: ... Supplementum. Insunt constitutiones aliquot novae Codicis Theodosiani, Novellae constitutiones et XVIII constitutiones, quas Sirmondus edidit. 500 $a"XVIII constitutiones quas Iacobus Sirmondus ex codicibus lugdunensi atque anitiensi Parisiis a. MDCXXXL divulgavit ...": 1 leaf, numbered columns [409]-476. 650 4$aRoman law.$0(OLS)http://pul/subject/117 850 $aPUL 852 $aPUL$W1$xDP1 Antico 800$y27$m186 D 13$j31754$nBK-PRI$b $qStampati Antico$B31754$CPULBib$Z2$F31754 $H $81 941 1 $a15 960 $aDiritto romano$9117 960 $aDiritto romano$9117 996 $6245$aCodices Gregorianus, Hermogenianus, Theodosianus.$pNovellae constitutiones imperatorum Theodosii II., Valentiniani III., Maximi, Maiorani, Severi, Anthemii. XVIII constitutiones quas Iacobus Sirmondus divulgavit$9(OLS)http://pul/title/31542 996 $6260$aBonnae :$bapud Adolphum Marcum$9(OLS)http://pul/publisher/57734 LEADER 01160nam a2200301 u 4500 001 000000071186 003 CaOOAMICUS 005 20070226122113.0 008 020522s1951 it u000 u ita u 035 $a10930678 040 $aPUL(R)$bita 041 1 $aita$heng 100 1 $aRussel, Bertrand,$d1872-1970.$0(OLS)http://pul/name/40281 240 10$aPrinciples of mathematics.$lItaliano.$0(OLS)http://pul/title/93740 245 12$aI principi della matematica : /$cBertrand Russel. 260 $aMilano :$bLonganesi,$c1951. 300 $a934 p. ;$c20 cm 490 1 $aIl labirinto" ;$v10 500 $aContiene indice. 504 $aBibliografia in nota. 650 4$aMatematica.$0(OLS)http://pul/subject/6747 830 3$aIl labirinto (Longanesi) ;$v10.$0(OLS)http://pul/title/20375 850 $aPUL 852 $aPUL$W1$xDP1 Cons. Gen., Altre Classi 1$y22$m921 F 37$j92089$nBK-PRI$b $qStampati$B92089$CPULBib$Z2$F92089 $H $81 941 1 $a8 961 $aINV: 15349 996 $6245$aI principi della matematica :$9(OLS)http://pul/title/93741 996 $6260$aMilano :$bLonganesi$9(OLS)http://pul/publisher/52306